000 00310nam a22001457a 4500
008 210225b ||||| |||| 00| 0 eng d
020 _a9781323293911
041 _aeng
080 _a510
082 _a510
100 _a36
101 _aMAT
245 _aMathematical Ideas
_cMiller, C, D
942 _2udc
_cBK
999 _c55203
_d55203